Experiments with animal behaviors / (Record no. 9429)

MARC details
000 -LEADER
fixed length control field 00949nam a22002897a 4500
001 - CONTROL NUMBER
control field 9429
003 - CONTROL NUMBER IDENTIFIER
control field FISKH
005 - DATE AND TIME OF LATEST TRANSACTION
control field 20260106151238.0
008 - FIXED-LENGTH DATA ELEMENTS--GENERAL INFORMATION
fixed length control field 260106b cb ||||| |||| 00| 0 eng d
020 ## - INTERNATIONAL STANDARD BOOK NUMBER
International Standard Book Number 0516012142
040 ## - CATALOGING SOURCE
Original cataloging agency FISKH
Language of cataloging eng
Transcribing agency FISKH
Modifying agency FISKH
050 ## - LIBRARY OF CONGRESS CALL NUMBER
Classification number QL751 .W66
082 ## - DEWEY DECIMAL CLASSIFICATION NUMBER
Classification number 591.51
100 ## - MAIN ENTRY--PERSONAL NAME
Personal name Wong, Ovid K.
Relator term Author
245 ## - TITLE STATEMENT
Title Experiments with animal behaviors /
Statement of responsibility, etc. By Ovid K. Wong, Ph. D.
260 ## - PUBLICATION, DISTRIBUTION, ETC.
Place of publication, distribution, etc. Chicago :
Name of publisher, distributor, etc. Children Press ,
Date of publication, distribution, etc. 1988
300 ## - PHYSICAL DESCRIPTION
Extent 42 pages :
Other physical details pictures ;
Dimensions 22 cm
490 ## - SERIES STATEMENT
Series statement New true books :
Volume/sequential designation Science experiments
505 ## - FORMATTED CONTENTS NOTE
Formatted contents note R<br/>
520 ## - SUMMARY, ETC.
Summary, etc. Instructions for a variety of simple experiments examining the reflex, instinctive, and conditioned behavior of such animals as mealworms, fruit flies, and goldfish.
521 8# - TARGET AUDIENCE NOTE
Target audience note 700<br/>
Source Lexile estimate<br/>
521 8# - TARGET AUDIENCE NOTE
Target audience note R<br/>
Source Raz-Plus<br/>
650 ## - SUBJECT ADDED ENTRY--TOPICAL TERM
Topical term or geographic name entry element Science
Form subdivision Animal experiments
650 ## - SUBJECT ADDED ENTRY--TOPICAL TERM
Topical term or geographic name entry element Worm
Form subdivision Ant
942 ## - ADDED ENTRY ELEMENTS (KOHA)
Source of classification or shelving scheme Dewey Decimal Classification
Koha item type Books
Suppress in OPAC No
Holdings
Withdrawn status Lost status Source of classification or shelving scheme Damaged status Not for loan Collection Home library Current library Shelving location Date acquired Total Checkouts Full call number Barcode Date last seen Copy number Price effective from Koha item type
    Dewey Decimal Classification     Non-Fiction Footprints International School Library Network Toul Tom Poung Campus Footprints International School Library Network Toul Tom Poung Campus TTP Primary Orange Bookshelves 01/06/2026   WON 591.51 QL751 .W66 FIS01404 01/06/2026 1 01/06/2026 Books